Brooklyn Nine Nine - Main Cast - Statistics

General Stats
  • This quiz has been taken 211 times
  • The average score is 9 of 9
Answer Stats
Role Character % Correct
Detective, later became Sergeant Amy Santiago
99%
Detective Jake Peralta
99%
Captain, later became Patrol Officer Raymond Holt
99%
Detective Rosa Diaz
97%
Detective Charles Boyle
96%
Detective Sergeant, later became Lieutenant Terry Jeffords
96%
Detective Michael Hitchcock
92%
Detective Norm Scully
91%
Civilian Administrator Gina Linetti
90%
No matching quizzes found
Score Distribution
Percent of People with Each Score
Percentile by Number Answered
Your Score History
You have not taken this quiz